Conversaciones con Carlos Altamirano. Memorias críticas
Na minha lista:
| Autor principal: | |
|---|---|
| Formato: | Livro |
| Idioma: | espanhol |
| Publicado em: |
Santiago
Random House Mondadori
2010
|
| Edição: | 1a. ed |
| Colecção: | Debate
|
| Assuntos: | |
| Tags: |
Adicionar Tag
Sem tags, seja o primeiro a adicionar uma tag!
|
MARC
| LEADER | 00000nam a2200000 a 4500 | ||
|---|---|---|---|
| 001 | UCG5743 | ||
| 003 | CL-VaPUC | ||
| 008 | 110317e20101200CL |||||||||||||||||spa|d | ||
| 020 | |a 9789568410391 | ||
| 082 | 0 | 4 | |a 983 |b SAL |2 21 |
| 100 | |a Salazar Vergara, Gabriel Segundo |e autor |9 621733 | ||
| 245 | 1 | 0 | |a Conversaciones con Carlos Altamirano. Memorias críticas |
| 250 | |a 1a. ed | ||
| 300 | |a 577 p | ||
| 942 | |c BK | ||
| 945 | |d 20110317 00:00:00 |a jcampos | ||
| 260 | |a Santiago |b Random House Mondadori |c 2010 | ||
| 600 | 0 | |a Allende Gossens, Salvador, |d 1908-1973 |9 257222 | |
| 600 | 0 | |a Frei Montalva, Eduardo |9 255811 | |
| 600 | 0 | 7 | |a PARTIDO SOCIALISTA |2 CL-VaPUC |9 331044 |
| 650 | 0 | |a Historia de Chile |9 265473 | |
| 650 | 0 | |a Unidad popular |9 317409 | |
| 650 | 0 | |a Neoliberalismo |9 330090 | |
| 650 | 7 | |a NUEVA IZQUIERDA |2 CL-VaPUC |9 555364 | |
| 651 | 7 | |a CHILE |2 CL-VaPUC |9 555537 | |
| 583 | |a last modification |c 20130709 09:13:12 |k Rodrigo Vera | ||
| 490 | 0 | |a Debate | |
| 999 | |c 344123 |d 344121 | ||
| 952 | |0 0 |1 0 |4 0 |6 983_000000000000000_SAL_2010 |7 0 |8 A |9 441921 |a BIBHIS |b BIBHIS |d 2019-11-22 |i 475509K |l 4 |o 983 SAL 2010 |p 475509K |r 2025-01-20 |s 2023-10-16 |w 2019-11-22 |y BK |k HIS | ||
| 952 | |0 0 |1 0 |4 0 |6 983_000000000000000_SAL_2010 |7 0 |8 A |9 441922 |a BIBCUR |b BIBCUR |d 2019-11-22 |i 4763475 |l 1 |o 983 SAL 2010 |p 4763475 |r 2025-04-22 |s 2023-09-06 |w 2019-11-22 |y BK |k MGC | ||